00265nam a2200121Ia 4500008004100000041000800041082001600049100002300065245002400088260000900112300001100121365001100132240624s9999 xx 000 0 und d aeng a891.43 PAR  aPARSAI HARISHANKAR aVAISHNAV KI PHISLAN c2009 a111 p. cRSb20